000
00313nam a22001457a 4500
008
221205b ||||| |||| 00| 0 eng d
020
_a
9781439046920
041
_a
eng
080
_2
4 EDITION
_a
51
082
_a
51STE
100
_a
20.1
101
_a
MATE
245
_a
CALCULUS
_c
STEWART J
942
_2
udc
_c
BK
999
_c
59097
_d
59097